La gangrena

Guardat en:
Dades bibliogràfiques
Autor principal: Salisachs, Mercedes (Autor)
Format: Llibre
Idioma:espanyol
Publicat: Barcelona Planeta 1987
Edició:3a. ed
Col·lecció:Colección popular, 84
Matèries:
Etiquetes: Afegir etiqueta
Sense etiquetes, Sigues el primer a etiquetar aquest registre!

MARC

LEADER 00000nam a2200000 a 4500
001 UCX0434
003 CL-VaPUC
008 891018e19870000SP |||||||||||||||||spa|d
082 0 4 |a 863  |b SAL  |2 21 
100 0 |a Salisachs, Mercedes  |e author  |9 315850 
245 1 3 |a La gangrena 
250 |a 3a. ed 
300 |a 438 p 
942 |c BK 
945 |d 19891018 00:00:00 
260 |a Barcelona  |b Planeta  |c 1987 
650 0 |a Novelas españolas  |9 265052 
583 |a last modification  |c 19891018 00:00:00  |k Rodrigo Vera 
490 0 |a Colección popular, 84 
999 |c 222037  |d 222035 
952 |0 0  |1 0  |4 0  |6 863_000000000000000_SAL_1987  |7 0  |8 A  |9 216199  |a BIBEDU  |b BIBEDU  |c ES_NOD  |d 2019-11-15  |i 284804K  |o 863 SAL 1987  |p 284804K  |r 2023-08-09  |w 2019-11-15  |y BK  |k LIT